[Event "22. Torneo San Viator"]
[Site "Madrid ESP"]
[Date "2014.05.25"]
[Round "8.8"]
[White "Andalon Gomez, Carlos J"]
[Black "Barahona Torrijos, Angel"]
[Result "1-0"]
[WhiteElo "2000"]
[BlackElo "1870"]
[PlyCount "81"]
[EventDate "2014.03.23"]
[EventType "swiss"]
[EventRounds "9"]
[EventCountry "ESP"]
[SourceTitle "Ajedrez en Madrid"]
[Source "lmi"]
[SourceDate "2014.03.23"]
[SourceVersion "1"]
[SourceVersionDate "2014.07.21"]
[SourceQuality "1"]

1. e4 e5 2. Nf3 Nc6 3. Bb5 Nd4 4. Nxd4 exd4 5. Bc4 Nf6 6. O-O c6 7. e5 d5 8.
Bb3 Ne4 9. d3 Nc5 10. f4 g6 11. c3 Nxb3 12. axb3 Qb6 13. c4 Be6 14. Nd2 Bg7 15.
Nf3 dxc4 16. bxc4 O-O 17. b4 Rfd8 18. Bd2 a6 19. Ng5 Bf5 20. Qf3 h6 21. g4 Bxd3
22. Qxd3 hxg5 23. e6 fxe6 24. Qxg6 c5 25. f5 Rd7 26. f6 Rf8 27. Bxg5 cxb4 28.
Bh6 d3+ 29. Kg2 Qc6+ 30. Kh3 Rff7 31. Bxg7 Rxg7 32. Qe8+ Kh7 33. Qh5+ Kg8 34.
Qe8+ Kh7 35. fxg7 Rxg7 36. Qxc6 bxc6 37. Rxa6 e5 38. Rxc6 Re7 39. Rd6 e4 40.
Re1 d2 41. Rxd2 1-0

[Event "22. Torneo San Viator"]
[Site "Madrid ESP"]
[Date "2014.05.25"]
[Round "8.9"]
[White "Rosa Ramirez, Victor D"]
[Black "Campomanes Rodriguez, Javier"]
[Result "1-0"]
[WhiteElo "1989"]
[BlackElo "1713"]
[PlyCount "73"]
[EventDate "2014.03.23"]
[EventType "swiss"]
[EventRounds "9"]
[EventCountry "ESP"]
[SourceTitle "Ajedrez en Madrid"]
[Source "lmi"]
[SourceDate "2014.03.23"]
[SourceVersion "1"]
[SourceVersionDate "2014.07.21"]
[SourceQuality "1"]

1. e4 c5 2. c3 e6 3. d4 cxd4 4. cxd4 Bb4+ 5. Nc3 Nf6 6. Bd3 h6 7. Nge2 Nc6 8.
O-O O-O 9. h3 d6 10. Be3 a6 11. Rc1 Ne7 12. Bb1 b5 13. Qd2 Ng6 14. a3 Ba5 15.
f4 Bb7 16. Qd3 Bb6 17. Kh2 Rc8 18. e5 Nd5 19. Bd2 b4 20. Nxd5 Rxc1 21. Rxc1
Bxd5 22. Bxb4 f5 23. Bxd6 Rf7 24. Qxa6 Rb7 25. g3 Kh7 26. Nc3 Bxd4 27. Nxd5
Rxb2+ 28. Kh1 exd5 29. Bxf5 Rb6 30. Qd3 Kh8 31. Rc8 Qxc8 32. Bxc8 Ba1 33. Qxg6
Rb3 34. Qe8+ Kh7 35. Bf5+ g6 36. Qxg6+ Kh8 37. Qh7# 1-0

[Event "22. Torneo San Viator"]
[Site "Madrid ESP"]
[Date "2014.05.25"]
[Round "8.10"]
[White "Algaba Traspuesto, Jose Antoni"]
[Black "Aziz Ortego, Omar Luis"]
[Result "0-1"]
[WhiteElo "1747"]
[BlackElo "2107"]
[PlyCount "57"]
[EventDate "2014.03.23"]
[EventType "swiss"]
[EventRounds "9"]
[EventCountry "ESP"]
[SourceTitle "Ajedrez en Madrid"]
[Source "lmi"]
[SourceDate "2014.03.23"]
[SourceVersion "1"]
[SourceVersionDate "2014.07.21"]
[SourceQuality "1"]

1. e4 e6 2. d4 d5 3. exd5 exd5 4. Nf3 Bd6 5. c4 Qe7+ 6. Qe2 dxc4 7. Qxe7+ Nxe7
8. Bxc4 Nbc6 9. O-O Bg4 10. Ng5 Bh5 11. Ne4 Nxd4 12. Nxd6+ cxd6 13. Na3 d5 14.
Bb5+ Nxb5 15. Nxb5 Kd7 16. Bf4 Ng6 17. Bg3 f5 18. f3 f4 19. Bf2 a6 20. Nc3 Ne7
21. Rad1 Bf7 22. Rd4 g5 23. Rfd1 Rad8 24. Ne4 h6 25. h4 Kc7 26. Rc1+ Nc6 27.
Nf6 Rd6 28. Ng4 Re8 29. Nxh6 0-1

[Event "22. Torneo San Viator"]
[Site "Madrid ESP"]
[Date "2014.05.25"]
[Round "8.12"]
[White "Garcia Sanjuan, Jose"]
[Black "Moreno Sanchez, Guillermo"]
[Result "1/2-1/2"]
[WhiteElo "1867"]
[BlackElo "1620"]
[PlyCount "116"]
[EventDate "2014.03.23"]
[EventType "swiss"]
[EventRounds "9"]
[EventCountry "ESP"]
[SourceTitle "Ajedrez en Madrid"]
[Source "lmi"]
[SourceDate "2014.03.23"]
[SourceVersion "1"]
[SourceVersionDate "2014.07.21"]
[SourceQuality "1"]

1. b3 d5 2. Bb2 e6 3. e3 Nf6 4. f4 Nc6 5. Nf3 Bd7 6. Nc3 g6 7. Be2 Bg7 8. O-O
O-O 9. Ba3 Re8 10. d4 Ne7 11. Bxe7 Qxe7 12. Bd3 a6 13. Ne5 Rac8 14. Ne2 Rf8 15.
Qe1 Nh5 16. g4 Nf6 17. Qh4 Qd8 18. Rf3 h6 19. Rh3 h5 20. Nxd7 Qxd7 21. gxh5
Nxh5 22. Ng3 Bf6 23. Qg4 Nxg3 24. Rxg3 Qe7 25. f5 exf5 26. Bxf5 Rcd8 27. Rf1
Rd6 28. Rff3 Bg7 29. Bd3 Rf6 30. Rxf6 Qxf6 31. Qd7 Qd8 32. Qh3 Qf6 33. c4 dxc4
34. bxc4 b6 35. a4 a5 36. Qg4 Re8 37. Rf3 Qe6 38. Qh4 Qe7 39. Qg3 Rd8 40. Qf4
Rd6 41. Qg3 Re6 42. Kf2 Rf6 43. Rxf6 Bxf6 44. Qf3 Bg7 45. Qa8+ Bf8 46. Qg2 Bg7
47. Qe4 Qxe4 48. Bxe4 Kf8 49. Bg2 Ke7 50. Kf3 f6 51. e4 g5 52. Kg4 Ke6 53. Kh5
Bf8 54. Bh3+ Kf7 55. Bf5 Bd6 56. h4 gxh4 57. Kxh4 Kg7 58. Kg4 Kh6 1/2-1/2

[Event "22. Torneo San Viator"]
[Site "Madrid ESP"]
[Date "2014.05.25"]
[Round "8.13"]
[White "Corrochano Utrilla, David"]
[Black "Padin Lazaro, Jose Manuel"]
[Result "0-1"]
[WhiteElo "1710"]
[BlackElo "1862"]
[PlyCount "124"]
[EventDate "2014.03.23"]
[EventType "swiss"]
[EventRounds "9"]
[EventCountry "ESP"]
[SourceTitle "Ajedrez en Madrid"]
[Source "lmi"]
[SourceDate "2014.03.23"]
[SourceVersion "1"]
[SourceVersionDate "2014.07.21"]
[SourceQuality "1"]

1. e4 e6 2. d4 d5 3. Nc3 Nf6 4. e5 Nfd7 5. f4 c5 6. Nf3 Nc6 7. Be3 a6 8. Qd2 b5
9. a3 Qa5 10. Ne2 b4 11. dxc5 bxa3 12. Qxa5 Nxa5 13. b4 Nc4 14. Bc1 a5 15. c3
axb4 16. cxb4 Ra4 17. Nc3 Rxb4 18. Nd4 Bxc5 19. Ndb5 Rb3 20. Bxc4 dxc4 21. Bxa3
Bxa3 22. Rxa3 Rxa3 23. Nxa3 Ba6 24. O-O Ke7 25. Rd1 Rc8 26. Rd6 Bb7 27. Rd4 Nb6
28. Nab5 Bd5 29. Rd1 Rc5 30. Ra1 Nc8 31. Kf2 f6 32. exf6+ gxf6 33. g3 Kd7 34.
Ke3 e5 35. fxe5 fxe5 36. Rd1 Ne7 37. g4 Ke6 38. Ra1 Bc6 39. Nc7+ Kd6 40. Na6
Nd5+ 41. Kd2 Nxc3 42. Kxc3 Rb5 43. Kxc4 Rb2 44. Rd1+ Ke7 45. Nb4 Bf3 46. Re1
Bxg4 47. Rxe5+ Kf6 48. Ra5 Be6+ 49. Kc5 Rxh2 50. Kd4 Rh4+ 51. Kc5 Rh5+ 52. Kb6
Rxa5 53. Kxa5 h5 54. Nd3 Kf5 55. Kb4 Kg4 56. Kc3 h4 57. Kd2 Kf3 58. Ne1+ Kg3
59. Ke3 h3 60. Nd3 h2 61. Nf2 Bd5 62. Ke2 Bg2 0-1

[Event "22. Torneo San Viator"]
[Site "Madrid ESP"]
[Date "2014.05.25"]
[Round "8.14"]
[White "Rodriguez Bittar, Karim Javier"]
[Black "Rodriguez Lucena, Angel"]
[Result "1-0"]
[WhiteElo "1787"]
[BlackElo "1706"]
[PlyCount "79"]
[EventDate "2014.03.23"]
[EventType "swiss"]
[EventRounds "9"]
[EventCountry "ESP"]
[SourceTitle "Ajedrez en Madrid"]
[Source "lmi"]
[SourceDate "2014.03.23"]
[SourceVersion "1"]
[SourceVersionDate "2014.07.21"]
[SourceQuality "1"]

1. e4 c5 2. Nc3 Nc6 3. g3 g6 4. Bg2 Bg7 5. Nge2 e6 6. d3 Nge7 7. Be3 d6 8. Qd2
Nd4 9. O-O-O Bd7 10. Bh6 Bf6 11. f4 Qb6 12. Bg5 Nxe2+ 13. Qxe2 Bxc3 14. bxc3
Qa5 15. Bf6 Rg8 16. Bxe7 Kxe7 17. Kd2 Bc6 18. f5 e5 19. fxg6 fxg6 20. Qe3 Qd8
21. Bh3 Kf7 22. Qh6 Rg7 23. Be6+ Kxe6 24. Qxg7 Qg5+ 25. Ke2 Qg4+ 26. Ke1 Qf3
27. Kd2 Rf8 28. Kc1 Qe3+ 29. Kb1 Rf2 30. Qg8+ Kd7 31. Qxh7+ Kc8 32. Qg8+ Kc7
33. Qg7+ Kb6 34. Qe7 Qe2 35. Rc1 Qd2 36. Qe6 Ba4 37. Qxd6+ Kb5 38. c4+ Kb4 39.
a3+ Kc3 40. Qxe5# 1-0

[Event "22. Torneo San Viator"]
[Site "Madrid ESP"]
[Date "2014.05.25"]
[Round "8.15"]
[White "Del Noval Nemeshazi, Nesztor"]
[Black "Garcia Martin, Juan Manuel"]
[Result "1-0"]
[WhiteElo "1430"]
[BlackElo "1787"]
[PlyCount "53"]
[EventDate "2014.03.23"]
[EventType "swiss"]
[EventRounds "9"]
[EventCountry "ESP"]
[SourceTitle "Ajedrez en Madrid"]
[Source "lmi"]
[SourceDate "2014.03.23"]
[SourceVersion "1"]
[SourceVersionDate "2014.07.21"]
[SourceQuality "1"]

1. e4 d5 2. exd5 Nf6 3. d4 Bg4 4. f3 Bf5 5. Bb5+ Nbd7 6. c4 Bxb1 7. Rxb1 a6 8.
Ba4 b5 9. cxb5 Nxd5 10. bxa6 Rxa6 11. Bb3 e6 12. a3 Bd6 13. Qe2 Qa8 14. Bxd5
Qxd5 15. Qxa6 O-O 16. Ne2 c5 17. Qd3 Nf6 18. Nc3 Qb3 19. dxc5 Be7 20. Qb5 Qc2
21. O-O Rd8 22. c6 Nd5 23. Nxd5 Rxd5 24. Qb8+ Rd8 25. c7 Rf8 26. Be3 Bc5 27.
Bxc5 1-0

[Event "22. Torneo San Viator"]
[Site "Madrid ESP"]
[Date "2014.05.25"]
[Round "8.18"]
[White "Camarero Izquierdo, Juan Carlo"]
[Black "Casado Salvo, Jose Maria"]
[Result "1-0"]
[WhiteElo "1864"]
[BlackElo "1673"]
[PlyCount "69"]
[EventDate "2014.03.23"]
[EventType "swiss"]
[EventRounds "9"]
[EventCountry "ESP"]
[SourceTitle "Ajedrez en Madrid"]
[Source "lmi"]
[SourceDate "2014.03.23"]
[SourceVersion "1"]
[SourceVersionDate "2014.07.21"]
[SourceQuality "1"]

1. d4 f5 2. Nc3 d5 3. Bg5 c6 4. Qd3 g6 5. f4 Bg7 6. Nf3 Nd7 7. Ne5 Ngf6 8.
O-O-O Nxe5 9. dxe5 Ne4 10. Nxe4 fxe4 11. Qb3 Qb6 12. Qa3 Qc7 13. h3 Rf8 14. e3
Rf7 15. Be2 Bf8 16. Qc3 h6 17. Bh4 e6 18. g4 Qb6 19. Bf6 Bc5 20. Rd4 Bxd4 21.
exd4 Qc7 22. Qg3 Rxf6 23. exf6 g5 24. Rf1 Kf7 25. h4 Bd7 26. Qa3 Be8 27. hxg5
hxg5 28. fxg5 Kg6 29. Qf8 Qh7 30. f7 Bxf7 31. Qxa8 Qh3 32. Qxb7 Qe3+ 33. Kb1
Qxe2 34. Qxf7+ Kxg5 35. Qf4+ 1-0

[Event "22. Torneo San Viator"]
[Site "Madrid ESP"]
[Date "2014.05.25"]
[Round "8.19"]
[White "San Felipe Gonzalez, Tomas"]
[Black "Morera Rodriguez, Ignacio"]
[Result "0-1"]
[WhiteElo "1701"]
[BlackElo "1843"]
[PlyCount "66"]
[EventDate "2014.03.23"]
[EventType "swiss"]
[EventRounds "9"]
[EventCountry "ESP"]
[SourceTitle "Ajedrez en Madrid"]
[Source "lmi"]
[SourceDate "2014.03.23"]
[SourceVersion "1"]
[SourceVersionDate "2014.07.21"]
[SourceQuality "1"]

1. d4 Nf6 2. c4 g6 3. Nc3 d5 4. cxd5 Nxd5 5. e4 Nxc3 6. bxc3 Bg7 7. Qa4+ Bd7 8.
Qa3 O-O 9. Nf3 Qc8 10. Bg5 e6 11. Be2 c5 12. Be7 cxd4 13. Bxf8 Bxf8 14. Qb4
Qxc3+ 15. Qxc3 dxc3 16. O-O c2 17. a4 Nc6 18. Bb5 a6 19. Bc4 Rc8 20. Rfc1 Nb4
21. Ne5 Bh6 22. Nxd7 Rxc4 23. Ne5 Rxe4 24. Nf3 Bxc1 25. Rxc1 Rc4 26. Ne1 Rd4
27. Nxc2 Nxc2 28. Kf1 Nb4 29. Rc8+ Kg7 30. Rc7 Nd5 31. Rxb7 Rxa4 32. g3 Ra1+
33. Kg2 a5 0-1

[Event "22. Torneo San Viator"]
[Site "Madrid ESP"]
[Date "2014.05.25"]
[Round "8.20"]
[White "Montes De Santiago, Fernando"]
[Black "Sierra Bermejo, Gregorio"]
[Result "1-0"]
[WhiteElo "1831"]
[BlackElo "1661"]
[PlyCount "87"]
[EventDate "2014.03.23"]
[EventType "swiss"]
[EventRounds "9"]
[EventCountry "ESP"]
[SourceTitle "Ajedrez en Madrid"]
[Source "lmi"]
[SourceDate "2014.03.23"]
[SourceVersion "1"]
[SourceVersionDate "2014.07.21"]
[SourceQuality "1"]

1. d4 Nf6 2. c4 e6 3. Nf3 Bb4+ 4. Bd2 Be7 5. Nc3 b6 6. e4 d6 7. Be2 Bb7 8. d5
e5 9. b4 Nbd7 10. a4 a5 11. bxa5 Rxa5 12. Qc2 Nc5 13. Nh4 Bc8 14. O-O Bd7 15.
g3 g6 16. Ng2 h5 17. Bg5 Ng4 18. Bxe7 Qxe7 19. Nb5 Kd8 20. f3 Nf6 21. Kf2 Bh3
22. Rg1 Qd7 23. Ne1 h4 24. g4 Bxg4 25. Rxg4 Nxg4+ 26. fxg4 h3 27. Nc3 Qe7 28.
Nd3 Qf6+ 29. Kg1 Nxd3 30. Qxd3 Qg5 31. Rf1 Ke7 32. Qf3 f6 33. Bd1 Rc5 34. Be2
Rh4 35. Nd1 Ra5 36. Nf2 Rxa4 37. Nxh3 Rxg4+ 38. Qxg4 Qxg4+ 39. Bxg4 Rxc4 40.
Nf2 b5 41. Rb1 b4 42. Be2 Rd4 43. Bd3 c5 44. dxc6 1-0

[Event "22. Torneo San Viator"]
[Site "Madrid ESP"]
[Date "2014.05.25"]
[Round "8.21"]
[White "Uceda Martinez, Jacinto"]
[Black "San Felipe Asis, Raquel"]
[Result "1-0"]
[WhiteElo "1822"]
[BlackElo "1654"]
[PlyCount "123"]
[EventDate "2014.03.23"]
[EventType "swiss"]
[EventRounds "9"]
[EventCountry "ESP"]
[SourceTitle "Ajedrez en Madrid"]
[Source "lmi"]
[SourceDate "2014.03.23"]
[SourceVersion "1"]
[SourceVersionDate "2014.07.21"]
[SourceQuality "1"]

1. d4 Nf6 2. c4 e5 3. d5 c6 4. d6 Qa5+ 5. Nc3 Qc5 6. Bg5 Qxd6 7. Qxd6 Bxd6 8.
Bxf6 gxf6 9. O-O-O Be7 10. e4 Rg8 11. Nge2 Na6 12. f4 exf4 13. Nxf4 Nc5 14. g3
d6 15. Be2 f5 16. exf5 Bxf5 17. Rhe1 O-O-O 18. Bh5 Be6 19. Bxf7 Bxf7 20. Rxe7
Bxc4 21. b3 Ba6 22. Rxh7 Rd7 23. Rh6 d5 24. b4 Ne4 25. Nxe4 dxe4 26. Re6 Rxd1+
27. Kxd1 Rd8+ 28. Kc1 Rd4 29. a3 Kd7 30. Re5 Bc4 31. Kc2 Kd6 32. Re8 Bf7 33.
Rf8 Ke7 34. Rb8 b6 35. Rb7+ Kf6 36. Rxa7 e3 37. Ra6 Bg6+ 38. Kc3 Rd2 39. Rxb6
Rc2+ 40. Kd4 e2 41. Nxe2 Rxe2 42. Rxc6+ Kg5 43. h4+ Kh6 44. b5 Rd2+ 45. Ke5 Kg7
46. b6 Rb2 47. a4 Be8 48. Rc7+ Kh6 49. a5 Rb5+ 50. Kd6 Rxa5 51. Ra7 Rb5 52. Kc7
Rc5+ 53. Kd8 Bc6 54. b7 Rb5 55. Kc7 Bxb7 56. Rxb7 Rd5 57. Rb3 Kh5 58. Kc6 Rd2
59. Rb5+ Kg4 60. Rg5+ Kf3 61. h5 Rh2 62. Kd6 1-0

[Event "22. Torneo San Viator"]
[Site "Madrid ESP"]
[Date "2014.05.25"]
[Round "8.22"]
[White "Yaniz Lana, Francisco Javier"]
[Black "Petru, Lucian Olimpiu"]
[Result "0-1"]
[WhiteElo "1637"]
[BlackElo "1805"]
[PlyCount "90"]
[EventDate "2014.03.23"]
[EventType "swiss"]
[EventRounds "9"]
[EventCountry "ESP"]
[SourceTitle "Ajedrez en Madrid"]
[Source "lmi"]
[SourceDate "2014.03.23"]
[SourceVersion "1"]
[SourceVersionDate "2014.07.21"]
[SourceQuality "1"]

1. d4 d5 2. Nf3 Nc6 3. g3 Bg4 4. Bg2 e6 5. O-O Nf6 6. c4 Be7 7. Nc3 O-O 8. Ne5
Bf5 9. Nxc6 bxc6 10. c5 e5 11. dxe5 Nd7 12. e4 dxe4 13. Nxe4 Nxe5 14. Qh5 g6
15. Qe2 Qd3 16. Qxd3 Nxd3 17. Bh6 Rfd8 18. b3 Rd5 19. b4 Nxb4 20. Rab1 Bxe4 21.
Bxe4 Rd4 22. Rfe1 Bxc5 23. Re2 Rad8 24. a3 Nd5 25. Rc1 Bxa3 26. Rxc6 Bd6 27.
Ra6 Nc3 28. Bf3 Nxe2+ 29. Bxe2 Re4 30. Bf3 Re1+ 31. Kg2 Bc5 32. Rc6 Bb6 33. h4
a5 34. Rc4 Rd4 35. Rc6 Re6 36. Rc1 a4 37. h5 gxh5 38. Be3 Rb4 39. Rh1 Bxe3 40.
fxe3 Rxe3 41. Bxh5 Rb2+ 42. Kh3 Rf2 43. Rc1 a3 44. Rxc7 a2 45. Ra7 Re1 0-1

[Event "22. Torneo San Viator"]
[Site "Madrid ESP"]
[Date "2014.05.25"]
[Round "8.23"]
[White "Mateos Cordero, Francisco"]
[Black "Begona Ortiz, Isaac"]
[Result "1-0"]
[WhiteElo "1597"]
[BlackElo "1784"]
[PlyCount "109"]
[EventDate "2014.03.23"]
[EventType "swiss"]
[EventRounds "9"]
[EventCountry "ESP"]
[SourceTitle "Ajedrez en Madrid"]
[Source "lmi"]
[SourceDate "2014.03.23"]
[SourceVersion "1"]
[SourceVersionDate "2014.07.21"]
[SourceQuality "1"]

1. d4 f5 2. Nf3 Nf6 3. Bg5 g6 4. e3 b6 5. Be2 Bb7 6. O-O Bxf3 7. Bxf3 d5 8. h3
Nbd7 9. Nd2 Bg7 10. Bxf6 exf6 11. c4 c6 12. cxd5 Rb8 13. dxc6 Nf8 14. d5 g5 15.
Bh5+ Ng6 16. Rc1 Rc8 17. e4 O-O 18. Bxg6 hxg6 19. Qb3 Kh7 20. exf5 Re8 21.
fxg6+ Kxg6 22. Nf3 Bf8 23. Nd4 Re5 24. Ne6 Qxd5 25. Nxf8+ Rxf8 26. Qxd5 Rxd5
27. b4 a6 28. c7 Rc8 29. Rc6 a5 30. a3 axb4 31. axb4 b5 32. Rfc1 Rd7 33. R1c5
Kf7 34. g4 Ke7 35. Kg2 Rd6 36. Kg3 Kd7 37. Rxd6+ Kxd6 38. Rxb5 Rxc7 39. Rf5
Rc3+ 40. f3 Ke6 41. b5 Rb3 42. h4 gxh4+ 43. Kxh4 Rb1 44. Kg3 Rg1+ 45. Kf2 Rb1
46. Ke3 Rb3+ 47. Kd4 Rb4+ 48. Kc5 Rb1 49. Kc6 Rc1+ 50. Rc5 Rf1 51. Rc3 f5 52.
gxf5+ Kxf5 53. b6 Rb1 54. b7 Ke6 55. Kc7 1-0

[Event "22. Torneo San Viator"]
[Site "Madrid ESP"]
[Date "2014.05.25"]
[Round "8.26"]
[White "Castillo Sanz, Javier"]
[Black "Santos Burkholz, Mario"]
[Result "1-0"]
[WhiteElo "1815"]
[BlackElo "1424"]
[PlyCount "101"]
[EventDate "2014.03.23"]
[EventType "swiss"]
[EventRounds "9"]
[EventCountry "ESP"]
[SourceTitle "Ajedrez en Madrid"]
[Source "lmi"]
[SourceDate "2014.03.23"]
[SourceVersion "1"]
[SourceVersionDate "2014.07.21"]
[SourceQuality "1"]

1. c4 c6 2. g3 d5 3. cxd5 cxd5 4. Bg2 Nf6 5. Nf3 Nc6 6. O-O Bf5 7. d3 e6 8. Qb3
Qb6 9. Be3 Qxb3 10. axb3 a6 11. Rc1 Bd6 12. Nh4 Bg6 13. Nxg6 fxg6 14. Bb6 O-O
15. Nd2 Rac8 16. Bh3 Rfe8 17. Ra4 Bc7 18. Bc5 Rcd8 19. Nf3 h6 20. Nd4 Nxd4 21.
Bxd4 Bd6 22. Bb6 Rd7 23. e4 dxe4 24. dxe4 Rf7 25. f4 e5 26. f5 gxf5 27. Bxf5
Nd7 28. Be3 Nf6 29. Bg6 Ref8 30. Bxf7+ Rxf7 31. Rf1 Re7 32. Rc4 Ng4 33. Bb6 g5
34. h3 Ne3 35. Bxe3 Rg7 36. Bc5 Bxc5+ 37. Rxc5 g4 38. h4 h5 39. Rxe5 Rg6 40.
Rxh5 Rb6 41. Rg5+ Kh7 42. Rxg4 Rxb3 43. Rf5 Rb6 44. Rh5+ Rh6 45. Rxh6+ Kxh6 46.
e5 b5 47. e6 a5 48. e7 Kh5 49. Rg5+ Kh6 50. e8=Q Kh7 51. Qh5# 1-0

[Event "22. Torneo San Viator"]
[Site "Madrid ESP"]
[Date "2014.05.25"]
[Round "8.27"]
[White "Villanueva Ortega, Ruben"]
[Black "Valdes Sanchez, Jesus Manuel"]
[Result "1-0"]
[WhiteElo "1793"]
[BlackElo "1569"]
[PlyCount "95"]
[EventDate "2014.03.23"]
[EventType "swiss"]
[EventRounds "9"]
[EventCountry "ESP"]
[SourceTitle "Ajedrez en Madrid"]
[Source "lmi"]
[SourceDate "2014.03.23"]
[SourceVersion "1"]
[SourceVersionDate "2014.07.21"]
[SourceQuality "1"]

1. e4 e6 2. d4 d5 3. e5 b6 4. Bb5+ Bd7 5. Bd3 Bc8 6. Qe2 Qd7 7. Bb5 c6 8. Bd3
a5 9. Nf3 Ba6 10. Bxa6 Nxa6 11. c3 Ne7 12. Na3 Nf5 13. Nc2 Be7 14. O-O c5 15.
a3 c4 16. Bf4 h6 17. g4 Nh4 18. Nxh4 Bxh4 19. Bd2 Nc7 20. f4 O-O-O 21. Ne3 f6
22. Ng2 g5 23. Nxh4 gxh4 24. exf6 Rdf8 25. Qe5 Ne8 26. g5 Rhg8 27. Kh1 Nd6 28.
Rae1 Ne4 29. Bc1 hxg5 30. fxg5 Rf7 31. Bf4 Kb7 32. Rxe4 dxe4 33. Qxe4+ Qd5 34.
Qxd5+ exd5 35. Rg1 Kc6 36. a4 b5 37. axb5+ Kxb5 38. Bd6 a4 39. Be7 Rg6 40. Rg4
h3 41. Kg1 Rxe7 42. fxe7 Re6 43. g6 Rxe7 44. g7 Re1+ 45. Kf2 Rb1 46. g8=Q Rxb2+
47. Ke3 a3 48. Qxd5+ 1-0

[Event "22. Torneo San Viator"]
[Site "Madrid ESP"]
[Date "2014.05.25"]
[Round "8.29"]
[White "Gonzalez Reyes, Felix"]
[Black "Tsakas, Nikolaos"]
[Result "0-1"]
[WhiteElo "1561"]
[BlackElo "1738"]
[PlyCount "90"]
[EventDate "2014.03.23"]
[EventType "swiss"]
[EventRounds "9"]
[EventCountry "ESP"]
[SourceTitle "Ajedrez en Madrid"]
[Source "lmi"]
[SourceDate "2014.03.23"]
[SourceVersion "1"]
[SourceVersionDate "2014.07.21"]
[SourceQuality "1"]

1. Nf3 d5 2. d4 Nf6 3. Nc3 Bf5 4. Bf4 e6 5. e3 Bd6 6. Bxd6 cxd6 7. Bd3 Ne4 8.
Bxe4 dxe4 9. Nd2 d5 10. Qe2 O-O 11. O-O Nd7 12. h3 a6 13. f3 exf3 14. Nxf3 Rc8
15. Qf2 h6 16. Rac1 Qe7 17. a3 Rc7 18. Nd1 Rfc8 19. c3 Bd3 20. Re1 Nf6 21. Qd2
Bh7 22. Nf2 Nd7 23. e4 Nb6 24. exd5 Nxd5 25. Re5 Qf6 26. Ng4 Qf4 27. Qxf4 Nxf4
28. Nf2 Rd8 29. Rd1 Nd5 30. Rd2 b5 31. Kh2 Kf8 32. g3 Nb6 33. Re1 Nc4 34. Rde2
Rd5 35. h4 Rf5 36. Ne5 Nxe5 37. Rxe5 Rxf2+ 38. Kg1 Rxb2 39. Rc5 Rxc5 40. dxc5
Rb1 41. Kf2 Rxe1 42. Kxe1 Ke7 43. Kd2 Kd7 44. Ke3 e5 45. Kd2 Kc6 0-1

[Event "22. Torneo San Viator"]
[Site "Madrid ESP"]
[Date "2014.05.25"]
[Round "8.31"]
[White "Blanco Diez, David"]
[Black "Barragan Panal, Juan Jose"]
[Result "0-1"]
[WhiteElo "1455"]
[BlackElo "1630"]
[PlyCount "106"]
[EventDate "2014.03.23"]
[EventType "swiss"]
[EventRounds "9"]
[EventCountry "ESP"]
[SourceTitle "Ajedrez en Madrid"]
[Source "lmi"]
[SourceDate "2014.03.23"]
[SourceVersion "1"]
[SourceVersionDate "2014.07.21"]
[SourceQuality "1"]

1. d4 Nf6 2. c4 e6 3. Nc3 Bb4 4. f3 c5 5. d5 exd5 6. cxd5 d6 7. e4 O-O 8. Bc4
a6 9. a3 Ba5 10. Nge2 b5 11. Bd3 Nbd7 12. O-O Bb6 13. Kh1 h6 14. Bf4 Ne5 15.
Bc2 Bb7 16. Ng3 Ng6 17. Be3 Re8 18. Qd2 Bc8 19. Qf2 Rb8 20. Nce2 Qe7 21. Rad1
Ne5 22. b3 Qa7 23. Rfe1 a5 24. Nc3 Bd7 25. h3 c4 26. Bxb6 Qxb6 27. Qxb6 Rxb6
28. f4 cxb3 29. Bxb3 Nc4 30. a4 Nb2 31. Ra1 Nd3 32. Re3 Nc5 33. Bd1 b4 34. Nb5
Nxd5 35. Rf3 Nxe4 36. Nxe4 Rxe4 37. Rd3 Bxb5 38. axb5 Re1+ 39. Kh2 Nc3 40. Kg3
Rxd1 41. Raxd1 Nxd1 42. Rxd1 Rxb5 43. Rxd6 b3 44. Rd8+ Kh7 45. Rd1 b2 46. Rb1
a4 47. Kf3 a3 48. g4 a2 49. Rxb2 Rxb2 50. Kg3 a1=Q 51. g5 Qe1+ 52. Kg4 Rg2+ 53.
Kf5 Qe6# 0-1

[Event "22. Torneo San Viator"]
[Site "Madrid ESP"]
[Date "2014.05.25"]
[Round "8.32"]
[White "Perez Gonzalez, Manuel"]
[Black "Del Noval Perez, Jeronimo"]
[Result "1/2-1/2"]
[WhiteElo "1625"]
[BlackElo "1413"]
[PlyCount "83"]
[EventDate "2014.03.23"]
[EventType "swiss"]
[EventRounds "9"]
[EventCountry "ESP"]
[SourceTitle "Ajedrez en Madrid"]
[Source "lmi"]
[SourceDate "2014.03.23"]
[SourceVersion "1"]
[SourceVersionDate "2014.07.21"]
[SourceQuality "1"]

1. e4 c5 2. Nc3 Nc6 3. g3 g6 4. Bg2 Bg7 5. f4 d6 6. Nf3 e6 7. O-O Nge7 8. d3
O-O 9. Rb1 a6 10. Be3 b5 11. d4 cxd4 12. Nxd4 Qb6 13. Nce2 e5 14. c3 exd4 15.
cxd4 Bg4 16. Bf3 Bxf3 17. Rxf3 d5 18. exd5 Nxd5 19. Bf2 Rfe8 20. Kh1 Re4 21.
Nc3 Nxc3 22. bxc3 Qa5 23. Qb3 Rae8 24. f5 Qc7 25. fxg6 hxg6 26. Rf1 Nd8 27. h3
Qc4 28. Qxc4 bxc4 29. Rb1 Re2 30. Rb4 Rxa2 31. Rxc4 a5 32. d5 Nb7 33. Rc6 a4
34. d6 Re6 35. Rc8+ Kh7 36. d7 Bf6 37. g4 Kg7 38. Rb8 Nd8 39. Rxf6 Rxf6 40. Bd4
Nc6 41. d8=Q Nxd8 42. Rxd8 1/2-1/2

[Event "22. Torneo San Viator"]
[Site "Madrid ESP"]
[Date "2014.05.25"]
[Round "8.33"]
[White "Jimenez Gallego, Rafael"]
[Black "Castro Uceda, Jose Antonio"]
[Result "0-1"]
[WhiteElo "1455"]
[BlackElo "1620"]
[PlyCount "88"]
[EventDate "2014.03.23"]
[EventType "swiss"]
[EventRounds "9"]
[EventCountry "ESP"]
[SourceTitle "Ajedrez en Madrid"]
[Source "lmi"]
[SourceDate "2014.03.23"]
[SourceVersion "1"]
[SourceVersionDate "2014.07.21"]
[SourceQuality "1"]

1. e4 c5 2. Nf3 d6 3. Bc4 e6 4. Nc3 a6 5. a4 Nc6 6. d3 Nf6 7. Bd2 d5 8. exd5
exd5 9. Qe2+ Be7 10. Ba2 O-O 11. O-O Re8 12. h3 Bd6 13. Qd1 Bc7 14. Bg5 Be6 15.
Qd2 Nd4 16. Nxd4 cxd4 17. Ne2 Qd6 18. Bf4 Qd7 19. Bxc7 Qxc7 20. Nxd4 Bd7 21.
Bb3 Qe5 22. c3 Qh5 23. Qd1 Qg6 24. Qf3 Rad8 25. Rfe1 Bc8 26. Rxe8+ Rxe8 27. Kf1
Qg5 28. Ne2 Qd2 29. Rb1 h6 30. Nf4 Bf5 31. g4 Bh7 32. Rd1 Qxb2 33. Nxd5 Qxb3
34. Nxf6+ gxf6 35. Rc1 Re6 36. Qd1 Qd5 37. Kg1 Bxd3 38. c4 Qe4 39. Rc3 Bxc4 40.
Re3 Qc6 41. Rxe6 Bxe6 42. Qd4 Qf3 43. Qd8+ Kg7 44. Qc7 Bd5 0-1